Statistics for Nine Newest Countries in the World

Click here to take the quiz!

General Stats

  • This quiz has been taken 79 times
  • The average score is 6 of 9

Answer Stats

Hint (Independence)Answer% Correct
February 2008Kosovo
97%
July 2011South Sudan
97%
June 2006Montenegro
79%
May 2002East Timor
75%
June 2006Serbia
72%
January 1993Slovakia
59%
January 1993The Czech Republic
54%
April 1993Eritrea
53%
October 1994Palau
40%

Score Distribution

Percentile by Number Answered

Percent of People with Each Score

Your Score History

You have not taken this quiz